Catálogo
 En Linea

Homenajes del instituto sanmartiniano de Santo Domingo el 25 de febrero de 1949. (Registro nro. 29374)

Detalles MARC
000 -CABECERA
campo de control de longitud fija 00532nam a2200145 a 4500
001 - NÚMERO DE CONTROL
campo de control 000029882
005 - FECHA Y HORA DE LA ÚLTIMA TRANSACCIÓN
campo de control 20200930055859.0
008 - DATOS DE LONGITUD FIJA--INFORMACIÓN GENERAL
campo de control de longitud fija 110426s1949 dr ac 000 0 spa d
040 ## - FUENTE DE LA CATALOGACIÓN
Centro catalogador/agencia de origen DO-SdBNP
Lengua de catalogación spa
Centro/agencia transcriptor BNPHU
082 ## - NÚMERO DE LA CLASIFICACIÓN DECIMAL DEWEY
Número de clasificación xxx
Número de documento/Ítem H918i
049 ## - FONDOS LOCALES (OCLC)
Fondos de biblioteca BNPD
245 01 - MENCIÓN DE TÍTULO
Título Homenajes del instituto sanmartiniano de Santo Domingo el 25 de febrero de 1949.
260 ## - PUBLICACIÓN, DISTRIBUCIÓN, ETC.
Lugar de publicación, distribución, etc. Ciudad Trujillo, República Dominicana :
Nombre del editor, distribuidor, etc. Luis Sánches Andújar Casa Editora :
-- Embajada de la República de Argentina,
Fecha de publicación, distribución, etc. 1949.
300 ## - DESCRIPCIÓN FÍSICA
Extensión 24 p. :
Otras características físicas il., retrs. ;
Dimensiones 23 cm.
Existencias
Estado de retiro Estado de pérdida No para préstamo Código de colección Localización permanente Ubicación/localización actual Ubicación en estantería Fecha de adquisición Número de inventario Total de préstamos Signatura topográfica completa Código de barras Fecha visto por última vez Precio válido a partir de Tipo de ítem Koha
    Excluido de préstamo Patrimonio Dominicano Patrimonio Dominicano Patrimonio Dominicano En catalogación 26.04.2011 LF1   xxx H918i 29882-10 25.06.2020 25.06.2020 Libro y Folleto Colección Patrimonio Dominicano

Con tecnología Koha